| 000 | 00432nam a22001457a 4500 | ||
|---|---|---|---|
| 005 | 20250820135853.0 | ||
| 008 | 250820b |||||||| |||| 00| 0 eng d | ||
| 020 | _a0853648441 | ||
| 050 |
_aB 105 _b.L45 KIR |
||
| 100 | _aKIRK, ANDREW J. | ||
| 245 |
_aTHE MEANING OF FREEDOM _bA Study of Secular, Muslim and Christian views _cJ. ANDREW KIRK |
||
| 260 |
_aLONDON _bPATERNOSTER PRESS _cc1998 |
||
| 300 | _ax, 262p.; | ||
| 942 |
_2lcc _cBK _n0 |
||
| 999 |
_c7308 _d7308 |
||